| 000 | 01112nam a2200349 i 4500 | ||
|---|---|---|---|
| 001 | bg | ||
| 100 | 1 |
_aZiółko, Jerzy _d(1934- ). |
|
| 245 | 1 | 0 |
_aZbiorniki metalowe na ciecze i gazy / _cJerzy Ziółko. |
| 250 | _aWyd. 2 zm. i uzup. repr. wyd. z 1986 r. | ||
| 260 |
_aWarszawa : _bWydawnictwo Arkady, _c[2008]. |
||
| 300 |
_a372, [1] s. : _bil. ; _c24 cm. |
||
| 500 | _aData wyd. repr. na s. internetowej wydawnictwa. | ||
| 504 | _aBibliogr. 367-373. | ||
| 534 |
_pReprint, oryg.: _bwyd. 2 zm. i uzup. _cWarszawa : Arkady, 1986. |
||
| 650 | 4 |
_aZbiorniki _xbudowa i konstrukcje |
|
| 650 | 4 |
_aGaz _xmagazynowane |
|
| 650 | 4 |
_aCiecze _xmagazynowane |
|
| 655 | 4 | _aPodręczniki akademickie | |
| 020 | _a832133220X | ||
| 040 | _cBPK | ||
| 041 | _apol | ||
| 044 | _aPOL | ||
| 080 | _a621.64 | ||
| 080 | _a662 | ||
| 080 | _a532 | ||
| 080 | _a533 | ||
| 080 | _a(075.8) | ||
| 920 | _a83-213-3220-X | ||
| 942 | _cKS | ||
| 008 | 120320s2008 pl f |000 0 pol | ||
| 999 |
_c56223 _d56223 |
||
| 856 |
_uhttp://koha.tu.koszalin.pl/cgi-bin/koha/opac-detail.pl?biblionumber=56223 _yKatalog online BPK |
||